1625 1224 1380 1340 1230 1075 1411 1585 1355 1503 1050 1302 1321 1686 1666 1139 1640 1619 1339 1378 1119 1752 1986 1255 1636 1289 1526 1462 1623 1720 1062 1578 1222 1722 1156 1130 1554 1806 1218 1880 1819 1541 1760 1192 1151 1670 1772 1916 1445 1555 1737 1877 1568 1829 1743 1641 1877 1907 1184 1018 1010 1549 1937 1775 1101 1983 1015 1128 1541 1370 1666 1845 1192 1179 1850 1712 1887 1641 1725 1205 1747 1664 1047 1346 1749 1871 1726 1958 1466 1295 1335 1175 1268 1045 1233 1819 1439 1742 1273 BCNSPRNW ULIB Ver.6.0+V

เปลี่ยนเป็นภาษาไทย

Change to English
 แสดงรายละเอียดบรรณานุกรม
  กลับหน้าหลัก

Brief Record : Get Marc (ISO 2709) : E-mail record : QR code < ปิดหน้าต่าง
LEADER : 00000nam 2200000uu 4500
001    13399107727
003     ULIB
008    110130s2550||||th 000 0 tha d
020    9789747662580
050  4 BF412^bว176อ 2550
100 0  วนิษา เรซ
245 10 อัจฉริยะสร้างได้ /^cโดย วนิษา เรซ
250    พิมพ์ครั้งที่ 1
260    กรุงเทพฯ :^bred,^c2550
300    179 หน้า :^bภาพประกอบ ;^c21 ซม.
650  7 อัจฉริยบุคคล
653    Open Your Eyes Project
945    ^p186^l0^i17841
995    เกษร
999 ^a ใช้งานได้ทุกระบบ
รายการนี้ยังไม่มีแท็ก
คุณยังไม่ได้ล็อกอิน คุณสามารถมีกิจกรรมร่วมกับเว็บไซต์ได้ แต่ต้องล็อกอินก่อน ::
  ล็อกอิน

รายการสื่อสารสนเทศ

ลำดับที่ ประเภท เลขเรียก/บาร์โค้ด สถานที่ สถานะ
- ไม่พบข้อมูล -

รายการใกล้เคียง
    ผู้แต่ง [วนิษา เรซ]

    หัวเรื่อง [อัจฉริยบุคคล]

BibComment


ยังไม่เคยถูกคอมเมนท์

คอมเมนท์ทรัพยากรรายการนี้
  คอมเมนท์: อัจฉริยะสร้างได้ ..


 Copyright 2026. Bcnsprnw @Library